Analysis for Financial Management / (Record no. 22922)

MARC details
000 -LEADER
fixed length control field 00755nam a22002415a 4500
008 - FIXED-LENGTH DATA ELEMENTS--GENERAL INFORMATION
fixed length control field 161030b xxu||||| |||| 00| 0 eng d
020 ## - INTERNATIONAL STANDARD BOOK NUMBER
International Standard Book Number 9789814670159
040 ## - CATALOGING SOURCE
Original cataloging agency EG-ScBUE
Language of cataloging ENG
Transcribing agency EG-ScBUE
082 04 - DEWEY DECIMAL CLASSIFICATION NUMBER
Edition number 22
Classification number 658.151
Item number HIG
100 1# - MAIN ENTRY--PERSONAL NAME
Personal name Higgins, Robert C.
245 10 - TITLE STATEMENT
Title Analysis for Financial Management /
Statement of responsibility, etc Robert C. Higgins, Jennifer L. Koski, Todd Mitton
250 ## - EDITION STATEMENT
Edition statement 11th ed.
Remainder of edition statement International Edition.
260 ## - PUBLICATION, DISTRIBUTION, ETC. (IMPRINT)
Place of publication, distribution, etc New York :
Name of publisher, distributor, etc McGraw-Hill ;
Date of publication, distribution, etc 2016.
300 ## - PHYSICAL DESCRIPTION
Extent xiii, 450 p. ;
Other physical details ill. ;
Dimensions 24 cm.
500 ## - GENERAL NOTE
General note Includes bibliographical references.
590 ## - LOCAL NOTE (RLIN)
Local note Shima
650 #7 - SUBJECT ADDED ENTRY--TOPICAL TERM
Source of heading or term BUEsh
Topical term or geographic name as entry element Corporations Finance
651 ## - SUBJECT ADDED ENTRY--GEOGRAPHIC NAME
Source of heading or term BUEsh
653 ## - INDEX TERM--UNCONTROLLED
Resource For college BAEPS, Business Administration
Arrived date list October2016
700 1# - ADDED ENTRY--PERSONAL NAME
Personal name Koski, Jennifer L.
700 1# - ADDED ENTRY--PERSONAL NAME
Personal name Mitton, Todd
942 ## - ADDED ENTRY ELEMENTS (KOHA)
Source of classification or shelving scheme Dewey Decimal Classification
Holdings
Withdrawn status Item status Source of classification or shelving scheme Damaged status Not for loan Vendor Home library Current library Shelving location Date acquired Source of acquisition Cost, normal purchase price Serial Enumeration / chronology Total Checkouts Full call number Barcode Date last seen Cost, replacement price Koha item type
    Dewey Decimal Classification     Baccah Central Library Central Library First floor 30/10/2016 Purchase 480.00 25846   658.151 HIG 000045184 15/07/2025 600.00 Book - Borrowing
    Dewey Decimal Classification     Baccah Central Library Central Library First floor 30/10/2016 Purchase 480.00 25846   658.151 HIG 000045183 15/07/2025 600.00 Book - Borrowing